00473nam a2200181Ia 450000500170000000800410001702000100005804000190006804100120008708200170009924500650011625000120018126000280019330000090022165000180023070000330024885000100028120230324110243.0131103s9999 xx 000 0 und d cRs.50 aLoreto College aEnglish a891.443bBAN aAdhunik Bharatiya galpa 4cEdited by Manabendra Bandopadhaya a2nd ed. aCalcuttabPapirasc1398 aV.4  aShort stories aBandopadhaya, Manabendra ed. aLCLIB